Alterações morfofisiológicas em plantas de arroz e milho ocasionadas pelo Trichoderma asperellum (Registro n. 337864)
[ somente texto ]
| 000 -LÍDER | |
|---|---|
| fixed length control field | 05046nab a2200433 4500 |
| 003 - CÓDIGO MARC DA AGÊNCIA CATALOGADORA | |
| Campo de controle | BR-BrBNA |
| 005 - DATA E HORA DA ÚLTIMA ATUALIZAÇÃO | |
| Campo de controle | 20250828130611.0 |
| 008 - CAMPO DE TAMANHO FIXO | |
| fixed length control field | 250828b2022 bl.tr|pooa||| 00| 0 por | |
| 040 ## - FONTE DA CATALOGAÇÃO | |
| Agência catalogadora | BR-BrBNA |
| Idioma da catalogação | por |
| 072 ## - CATEGORIA AGRIS | |
| Código AGRIS | F01 ; F50 ; F62 |
| Código do objeto | 0150 ; 0120 ; 3650 |
| 100 ## - ENTRADA PRINCIPAL - NOME PESSOAL | |
| Nome pessoal | Chagas Junior, Aloisio Freitas |
| 100 ## - ENTRADA PRINCIPAL - NOME PESSOAL | |
| Nome pessoal | Luz, Lisandra Lima |
| 100 ## - ENTRADA PRINCIPAL - NOME PESSOAL | |
| Nome pessoal | Martins, Albert Lennon Lima |
| 100 ## - ENTRADA PRINCIPAL - NOME PESSOAL | |
| Nome pessoal | Queiroz, Adriano Sérgio Bernardo |
| 100 ## - ENTRADA PRINCIPAL - NOME PESSOAL | |
| Nome pessoal | Chagas, Lillian Franca Borges |
| 100 ## - ENTRADA PRINCIPAL - NOME PESSOAL | |
| Nome pessoal | Giongo, Marcos |
| 100 ## - ENTRADA PRINCIPAL - NOME PESSOAL | |
| Nome pessoal | Portella, Augustus Céser Franke |
| 100 ## - ENTRADA PRINCIPAL - NOME PESSOAL | |
| Nome pessoal | Scheidt, Gessiel |
| 245 ## - TÍTULO PRINCIPAL | |
| Título principal | Alterações morfofisiológicas em plantas de arroz e milho ocasionadas pelo Trichoderma asperellum |
| 500 ## - NOTA GERAL | |
| Nota geral | Bibliography p. 294-296 (50 ref.); Summaries (En, Pt); 4 illus.; 1 table |
| 942 ## - ADDED ENTRY ELEMENTS (KOHA) | |
| Koha item type | Analítica |
| 520 ## - NOTA DE RESUMO | |
| Nota de conteúdo | Morphophysiological changes in rice and corn crops caused by Trichoderma asperellum Brazilian agricultural production is considered one of the largest in the world, due to its territorial size and its potential to produce grain. Trichoderma spp. is one of the most researched fungi in Brazil, because it occurs naturally in practically all types of soils, and because it has its own versatility of action, being able to act as a plant growth promoter. Therefore, the objective was to evaluate theefficiency of inoculation of the isolate UFT-201 as a growth promoter in corn and rice under greenhouse conditions. The experiment was conducted at the experimental station of the Federal University of Tocantins (UFT) - University Campus of Gurupi. The treatments consisted of five doses of the inoculant (0, 3, 6, 9, 12 g kg-1), mixed with the seed at the time of sowing. The strain used was obtained from the Laboratory of Applied Agromicrobiology and Biotechnology of the Federal University of Tocantins. Theinoculant used was prepared in solid fermentation using rice as substrate. Morphological (height, root volume, dry mass) and physiological characteristics (photosynthetic pigments and gas exchange) were evaluated at 30 and 45 days after sowing. The fungus Trichoderma asperellum UFT-201 inoculated via seed increased the root volume and biomass of corn and rice plants at a dose of 6 g kg-1of seeds. The gain in crop biomass is related to physiological changes in crops promoted by inoculation and doses above 12 g kg-1of seeds can reduce the initial development of crops, especially for rice.<br/><br/>Keyworks: Orysa sativa, Zea mays, fungi, growth promotion, microorganism |
| 520 ## - NOTA DE RESUMO | |
| Nota de conteúdo | A produção agrícola brasileira é considerada uma das maiores do mundo, devido ao seu tamanho territorial e o seu potencial em produzir grãos. Trichoderma spp. é um dos fungos mais pesquisados no Brasil, pois tem ocorrência natural em praticamente todos os tipos de solos, e por possuir uma versatilidade de ação próprias, podendo atuar como promotor de crescimento vegetal. Diante disso, objetivou-se avaliar a eficiência da inoculação do isolado UFT-201 como promotor de crescimento nas culturas do milho e arroz em casa de vegetação. O experimento foi conduzido na estação experimental da Universidade Federal do Tocantins (UFT) - Campus Universitário de Gurupi. Os tratamentos consistiram em cinco doses do inoculante (0, 3, 6, 9, 12 g kg-1), misturados à semente no momento da semeadura. A cepa utilizada foi obtida no Laboratório de Agromicrobiologia Aplicada e Biotecnologia da Universidade Federal do Tocantins. O inoculante utilizado foi preparado em fermentação sólida utilizando arroz como substrato. Foram avaliadas características morfológicas (altura, volume de raiz, massa seca) e fisiológicas (pigmentos fotossintéticos e trocas gasosas) aos 30 e 45 dias após a semeadura. O fungo Trichoderma asperellumUFT-201 inoculado via semente aumentou o volume radicular e a biomassa das plantas de milho e arroz na dose de 6 g kg-1de sementes. O ganho em biomassa das culturas está relacionado com alterações fisiológicas nas culturas promovido pela inoculação e doses acima de 12 g kg-1de sementes podem reduzir o desenvolvimento inicial das culturas, principalmente para arroz.<br/><br/>Palavras-chaves: Orysa sativa, Zea mays, fungos, promoção de crescimento, microrganismo |
| 650 ## - ASSUNTO - THESAGRO | |
| Cabeçalho tópico ou nome geográfico | ARROZ |
| 650 ## - ASSUNTO - THESAGRO | |
| Cabeçalho tópico ou nome geográfico | MILHO |
| 650 ## - ASSUNTO - THESAGRO | |
| Cabeçalho tópico ou nome geográfico | MORFOLOGIA VEGETAL |
| 650 ## - ASSUNTO - THESAGRO | |
| Cabeçalho tópico ou nome geográfico | FISIOLOGIA VEGETAL |
| 650 ## - ASSUNTO - THESAGRO | |
| Cabeçalho tópico ou nome geográfico | TRICHODERMA ASPERELLUM |
| 650 ## - ASSUNTO - THESAGRO | |
| Cabeçalho tópico ou nome geográfico | FUNGO |
| 650 ## - ASSUNTO - THESAGRO | |
| Cabeçalho tópico ou nome geográfico | ESTIMULANTE DE CRESCIMENTO VEGETAL |
| 650 ## - ASSUNTO - THESAGRO | |
| Cabeçalho tópico ou nome geográfico | INOCULAÇÃO |
| 650 ## - ASSUNTO - THESAGRO | |
| Cabeçalho tópico ou nome geográfico | CASA DE VEGETAÇÃO |
| 650 ## - ASSUNTO - THESAGRO | |
| Cabeçalho tópico ou nome geográfico | ESTAÇÃO EXPERIMENTAL |
| 650 ## - ASSUNTO - THESAGRO | |
| Cabeçalho tópico ou nome geográfico | GURUPI |
| 650 ## - ASSUNTO - THESAGRO | |
| Cabeçalho tópico ou nome geográfico | TOCANTINS |
| 773 0# - ENTRADA ANALÍTICA | |
| Host Biblionumber | 4944 |
| Registro do item | 346134 |
| Imprenta | Universidade Federal de Tocantins. Centro de Monitoramento Ambiental e Manejo do Fogo 2010 |
| Outro identificador | 2024-6782 |
| Título | Journal of Biotechnology and Biodiversity (Brazil) |
| ISSN | 2179-4804 |
| Colação | v. 10(4) p. 287-296; (2022) |
| Número de controle de registro | BR2025002117 |
| 856 ## - ACESSO E ENDEREÇO ELETRÔNICO | |
| Identificador uniforme de recurso - URI | https://sistemas.uft.edu.br/periodicos/index.php/JBB/article/view/15100/20788 |
Nenhum exemplar disponível.

BINAGRI